[Event "CRO-chT4 South"]
[Site "Zadar"]
[Date "2013.05.12"]
[Round "3.4"]
[White "Krolo, Boze"]
[Black "Soric, Andjelko"]
[Result "0-1"]
[WhiteElo "1493"]
[BlackElo "2020"]
[PlyCount "70"]
[EventDate "2013.04.28"]
[EventType "team-tourn"]
[EventRounds "7"]
[EventCountry "CRO"]
[SourceTitle "EXT 2014"]
[Source "ChessBase"]
[SourceDate "2013.11.20"]
[SourceVersion "1"]
[SourceVersionDate "2013.11.20"]
[SourceQuality "1"]
[WhiteTeam "Mravince III"]
[BlackTeam "Bibinje Goran II"]
[WhiteTeamCountry "CRO"]
[BlackTeamCountry "CRO"]

1. d4 d5 2. c4 c6 3. Nc3 Nf6 4. Bg5 h6 5. Bh4 Nbd7 6. e3 e6 7. cxd5 exd5 8. Bd3 Qc7 9. Nge2 Bd6 10. Bg3 Bxg3 11. Nxg3 0-0 12. Rc1 Re8 13. Qb3 Qb6 14. Qc2 Qxd4 15. 0-0 Qe5 16. e4 d4 17. f4 Qc5 18. Nce2 Qxc2 19. Rxc2 Ng4 20. Re1 Ne3 21. Rcc1 c5 22. Nf1 Nxf1 23. Kxf1 b6 24. e5 Bb7 25. Bb5 Red8 26. Bxd7 Rxd7 27. Rcd1 Ba6 28. Kf2 Bxe2 29. Rxe2 Re8 30. b3 Kf8 31. h4 Ke7 32. g4 Ke6 33. Kf3 Kd5 34. Red2 f6 35. exf6 Re3+ 0-1